000 00603nam a2200229 a 4500
999 _c9619
_d9619
001 9619
003 BD-JhCC
005 20180320185318.0
008 180320s1920 ii |||| || | 001 0 eng d
035 _a(BD-JhCC)9619
040 _aBD-JhCC
_dBD-JhCC
041 _aeng
082 _a891.209
_bKEI 1920
100 _aKeith, A. Berriedale
245 _aA Histoy of Sanskrit Literature /
_cA. Berriedale Keith
260 _aMadras :
_bOxford University Press,
_c1920.
300 _a575 p. :
_c23 cm.
504 _aIncludes Index
650 _aSanskrit Literature
942 _2ddc
_cBK